书目信息 |
| 题名: |
资本估值
|
|
| 作者: | 叶荣祖 , 马俊超 , 盛珈瑞 著 | |
| 分册: | ||
| 出版信息: | 北京 中华工商联合出版社有限责任公司 2020.8 |
|
| 页数: | 207页 | |
| 开本: | 24cm | |
| 丛书名: | ||
| 单 册: | ||
| 中图分类: | F273.4 | |
| 科图分类: | ||
| 主题词: | 企业--qi ye--估价--研究 | |
| 电子资源: | ||
| ISBN: | 978-7-5158-2768-1 | |
| 000 | 01123nam0 2200277 450 | |
| 001 | 2161451715 | |
| 005 | 20210930094222.0 | |
| 010 | @a978-7-5158-2768-1@dCNY58.00 | |
| 100 | @a20201126d2020 em y0chiy0120 ea | |
| 101 | 0 | @achi |
| 102 | @aCN@b110000 | |
| 105 | @ay z 000yy | |
| 106 | @ar | |
| 200 | 1 | @a资本估值@Azi ben gu zhi@e三年估值十亿@dThree-year valuation one billion@f叶荣祖,马俊超,盛珈瑞著@zeng |
| 210 | @a北京@c中华工商联合出版社有限责任公司@d2020.8 | |
| 215 | @a207页@d24cm | |
| 330 | @a本书讲述新创期企业快速提升企业估值的影响因素,解码资本估值背后的商业模式,并提炼总结出对应的办法,从消费升级、产品提升、用户转化、领导者修炼、现金流控制、品牌打造、股权设计、盈利模式、无形资产管理、社会价值实现等十个方面分析如何塑造及快速提升企业估值。 | |
| 510 | 1 | @aThree-year valuation one billion@zeng |
| 517 | 1 | @a三年估值十亿@Asan nian gu zhi shi yi |
| 606 | 0 | @a企业@Aqi ye@x估价@x研究 |
| 690 | @aF273.4@v5 | |
| 701 | 0 | @a叶荣祖@Aye rong zu@4著 |
| 701 | 0 | @a马俊超@Ama juan chao@4著 |
| 701 | 0 | @a盛珈瑞@Asheng jia rui@4著 |
| 801 | 0 | @aCN@b百万庄@c20210928 |
| 905 | @b1302610-13@dF273.4@e1764@f4 | |
| 资本估值:三年估值十亿=Three-year valuation one billion/叶荣祖,马俊超,盛珈瑞著.-北京:中华工商联合出版社有限责任公司,2020.8 |
| 207页;24cm |
| ISBN 978-7-5158-2768-1:CNY58.00 |
| 本书讲述新创期企业快速提升企业估值的影响因素,解码资本估值背后的商业模式,并提炼总结出对应的办法,从消费升级、产品提升、用户转化、领导者修炼、现金流控制、品牌打造、股权设计、盈利模式、无形资产管理、社会价值实现等十个方面分析如何塑造及快速提升企业估值。 |
| ● |
| 相关链接 |
|
|
|
|
正题名:资本估值
索取号:F273.4/1764
 
预约/预借
| 序号 | 登录号 | 条形码 | 馆藏地/架位号 | 状态 | 备注 |
| 1 | 1302610 | 213026107 | 第一样本阅览室/ [索取号:F273.4/1764] | 在馆 | |
| 2 | 1302611 | 213026116 | 第一借阅区/ [索取号:F273.4/1764] | 在馆 | |
| 3 | 1302612 | 213026125 | 第一借阅区/ [索取号:F273.4/1764] | 在馆 | |
| 4 | 1302613 | 213026134 | 第一借阅区/ [索取号:F273.4/1764] | 在馆 |